| 000 | 00000nam##2200000za#4500 |
| 001 | 9.608714 |
| 003 | CaOODSP |
| 005 | 20230202144024 |
| 007 | ta |
| 008 | 150406|1993||||xxc||||| f|0| 0 eng|d |
| 020 | |a0-662-20350-X |
| 040 | |aCaOODSP|beng |
| 043 | |an-cn--- |
| 086 | 1 |aH72-22/9-1993E |
| 110 | 2 |aNational Clearinghouse on Family Violence (Canada). |
| 245 | 10|aFamily violence against women with disabilities / |cPrepared by Bridget Rivers-Moore et al. |
| 260 | |aOttawa - Ontario : |bHealth and Welfare Canada. |c1993. |
| 300 | |a8p. : |breferences ; |c28 cm. |
| 490 | 1 |aInformation from the National Clearinghouse on Family Violence |
| 590 | |a93-13|b1993-04-02 |
| 690 | 07|aFamily violence|2gcpds |
| 690 | 07|aViolence against women|2gcpds |
| 690 | 07|aPersons with disabilities|2gcpds |
| 720 | 1 |aRivers-Moore, Bridget |
| 776 | 0#|tFamily violence against women with disabilities / |w(CaOODSP)9.572906 |
| 830 | #0|aInformation from the National Clearinghouse on Family Violence.|w(CaOODSP)9.514740 |